Bottom Half of Flags - Statistics

General Stats
  • This quiz has been taken 17 times
  • The average score is 13 of 16
Answer Stats
Picture Answer % Correct
Serbia
100%
Slovakia
100%
Djibouti
92%
Greece
92%
Kuwait
92%
Kyrgyzstan
92%
Moldova
92%
Mozambique
92%
Tanzania
92%
New Zealand
83%
Paraguay
83%
Estonia
67%
Malta
67%
Mauritius
42%
Uzbekistan
42%
Colombia
25%
No matching quizzes found
Score Distribution
Percent of People with Each Score
Percentile by Number Answered
Your Score History
You have not taken this quiz